F1 Drivers by country - Statistics

General Stats
  • This quiz has been taken 59 times
  • The average score is 11 of 16
Answer Stats
Hint Answer % Correct
Charles Leclerc Monaco
97%
Fernando Alonso Spain
95%
Mick Schumacher Germany
92%
Sergio Perez Mexico
87%
Kimi Raikkonen Finland
82%
Jim Clark UK
82%
Alain Prost France
72%
Pastor Maldonado Colombia
69%
Robert Kubica Poland
69%
Jody Shekter South Africa
67%
Mario Andretti USA
64%
Emerson Fittipaldi Brazil
62%
Alan Jones Australia
59%
Gerhard Berger Austria
54%
Ronnie Peterson Sweden
51%
Juan Manuel Fangio Italy
41%
No matching quizzes found
Score Distribution
Percent of People with Each Score
Percentile by Number Answered
Your Score History
You have not taken this quiz